Normal view MARC view

Entry Personal Name

Number of records used in: 1

001 - CONTROL NUMBER

  • control field: 9011

003 - CONTROL NUMBER IDENTIFIER

  • control field: DLC

005 - DATE AND TIME OF LATEST TRANSACTION

  • control field: 20220127124004.0

008 - FIXED-LENGTH DATA ELEMENTS

  • fixed length control field: 871005n| acannaab| |a aaa ||| b

010 ## - LIBRARY OF CONGRESS CONTROL NUMBER

  • LC control number: n 87885274
  • Canceled/invalid LC control number: n 50026197

040 ## - CATALOGING SOURCE

  • Original cataloging agency: DNLM
  • Transcribing agency: DLC
  • Modifying agency: DLC

100 10 - HEADING--PERSONAL NAME

  • Personal name: Dodd, Barbara E.
  • Fuller form of name: (Barbara Edith)

400 10 - SEE FROM TRACING--PERSONAL NAME

  • Control subfield: nnaa
  • Personal name: Dodd, Barbara E.

670 ## - SOURCE DATA FOUND

  • Source citation: Boorman, K.E. Blood group serology, 1988:
  • Information found: CIP t.p. (Barbara E. Dodd, MSc, PhD, DSc; emeritus prof. of blood group serology, Dept. of Haematology, and honorary adviser, Dept. of Forensic Med., London Hosp. Med. Coll.)

670 ## - SOURCE DATA FOUND

  • Source citation: LC data base, 9/28/87
  • Information found: (hdg.: Dodd, Barbara E.)

670 ## - SOURCE DATA FOUND

  • Source citation: NLM files, 9/28/87
  • Information found: (hdg.: Dodd, Barbara E. (Barbara Edith); usage: Barbara E. Dodd)

Powered by Koha